Vincitori Europei di calcio in ordine alfabetico - Statistics

Statistiche generali
  • Questo quiz è stato fatto 34 volte
  • Il punteggio medio è 8 su 10
Statistiche sulle risposte
Nazionale % Corretto
Francia
100%
Germania / Germania Ovest
97%
Italia
97%
Danimarca
87%
Grecia
83%
Spagna
77%
Paesi Bassi
73%
Cecoslovacchia
70%
Portogallo
63%
Unione Sovietica
60%
Nessun quiz corrispondente trovato
Distribuzione punteggi
Percentuale di utenti per punteggio
Percentile per numero di risposta
I tuoi punteggi nel tempo
Non hai fatto questo quiz